[Event "HCL-B3790"]
[Site "www.playchess.de"]
[Date "2006.01.14"]
[Round "9"]
[White "Phenomium"]
[Black "pegasus"]
[WhiteElo "1112"]
[BlackElo "1178"]
[PlyCount "66"]
[Result "0-1"]

1.e4 e5 {hi good luck}  2.Nf3 {u2}  Bd6 3.Nc3 Nf6 
4.Bc4 O-O 5.d4 exd4 6.Nxd4 Nc6 7.Bd3 Nxd4 8.Bd2 
Bc5 9.e5 d6 10.Nd5 Nxd5 11.c4 Nb6 {happy new year} 
 12.O-O dxe5 13.f4 Ne2+ 14.Kh1 Qxd3 15.Rf3 Ng3+ 
16.Rxg3 Qxc4 17.fxe5 Rd8 18.b3 Qe6 19.Qe2 Nd5 
20.b4 Bd4 21.Rf1 Bxe5 22.Rg4 Nf6 23.Rh4 Qxa2 24.h3 
Bg3 25.Rc4 Rxd2 26.Qf3 Qxc4 27.Rd1 Rxd1+ 28.Qxd1 
Bf5 29.Kg1 g5 30.Qf3 Ne4 31.Qxf5 Qd4+ 32.Kh1 Nf2+ 
33.Kg1 Qd1+ 0-1

[Event "HCL-B3774"]
[Site "www.playchess.de"]
[Date "2006.01.14"]
[Round "11"]
[White "JMD"]
[Black "nichju"]
[WhiteElo "1377"]
[BlackElo "1007"]
[PlyCount "67"]
[Result "1-0"]

1.d4 {hello from Paris}  d5 2.e4 dxe4 3.Nc3 Nf6 
4.f3 exf3 5.Nxf3 Bg4 6.Be3 Nc6 7.Bc4 e6 8.h3 Bxf3 
9.Qxf3 Bb4 10.O-O O-O 11.Rad1 Qe7 12.Nb1 Rad8 
13.c3 Ba5 14.b4 Bb6 15.a4 a5 16.b5 Nb4 17.cxb4 
Qxb4 18.Qe2 Ne4 19.Qc2 Ng3 20.Rf3 Nf5 21.Bd2 Rxd4 
22.Bxb4 Rxd1+ 23.Kh2 Bg1+ 24.Kh1 Rfd8 25.g4 Be3+ 
26.Kh2 Bg1+ 27.Kh1 axb4 28.gxf5 Re1 29.fxe6 Bf2+ 
30.Kh2 Bg1+ 31.Kh1 Bf2+ 32.Kg2 Bg1 33.exf7+ Kh8 
34.f8Q+ 1-0

[Event "HCL-E1509"]
[Site "www.playchess.de"]
[Date "2006.01.14"]
[Round "3"]
[White "Eishockeytorwart"]
[Black "Chascarrillo"]
[WhiteElo "1944"]
[BlackElo "1876"]
[PlyCount "75"]
[Result "1-0"]

1.e4 {welcome from Germany (Mönchengladbach)}  c5 
{Hello from Seattle, WA, USA.}  2.Nf3 d6 3.Bb5+ 
Bd7 4.Bxd7+ Qxd7 5.O-O Nc6 6.c3 Nf6 7.Re1 e6 8.d4 
cxd4 9.cxd4 d5 10.e5 Ne4 11.Nc3 Nxc3 12.bxc3 Na5 
13.Rb1 Nc4 14.Bg5 Be7 15.Bxe7 Qxe7 16.Qa4+ Kf8 
17.h3 g6 18.Nh2 {merry Christmas}  h6 19.Ng4 Kg7 
20.Nf6 Rhd8 21.h4 h5 22.Red1 Qa3 23.Qxa3 Nxa3 
24.Rb3 Nc4 25.Rxb7 Rdb8 26.Rdb1 Nb6 27.Rxb8 Rxb8 
28.Rb3 Rc8 29.Ra3 a5 30.Rxa5 Rxc3 31.Ne8+ Kf8 
32.Nd6 Rc7 33.Ra6 Nc4 34.Ra8+ Ke7 35.Ne8 Rb7 
36.Nf6 Nd6 37.g3 Rb4 38.a4 1-0

[Event "HCL-E1516"]
[Site "www.playchess.de"]
[Date "2006.01.14"]
[Round "10"]
[White "XANDERKIRV"]
[Black "BOSTER"]
[WhiteElo "1581"]
[BlackElo "1947"]
[PlyCount "76"]
[Result "0-1"]

1.e4 {Hi and good luck.}  e5 {Hello! Let's have a 
good game.}  2.Nf3 Nc6 3.Bb5 a6 4.Ba4 d6 5.h3 b5 
6.Bb3 Na5 7.Bd5 c6 8.Bb3 Nxb3 9.axb3 Nf6 10.d3 Be7 
11.O-O O-O 12.Nbd2 Qc7 13.Re1 Re8 14.Nf1 Bf8 
15.Ng3 d5 16.Bg5 Nd7 17.Qc1 f6 18.Bd2 Nc5 19.b4 
Ne6 20.c3 Bb7 21.Nh2 Rad8 22.f3 c5 23.bxc5 Nxc5 
24.Qc2 dxe4 25.dxe4 Nd3 26.Re2 Bc5+ 27.Kf1 Bc8 
28.Be3 Be6 29.b3 Qf7 30.Bxc5 Bxb3 31.Qb1 Nxc5 
32.Qb2 Bc4 33.Nf5 Nd3 34.Qa3 Nf4 35.Ng3 Nxe2 
36.Nxe2 Rd2 37.Re1 Bxe2+ 38.Rxe2 
Qc4 0-1

[Event "HCL-M877"]
[Site "www.playchess.de"]
[Date "2006.01.14"]
[Round "9"]
[White "Pitch"]
[Black "DePoelmeester"]
[WhiteElo "2037"]
[BlackElo "1662"]
[PlyCount "61"]
[Result "1-0"]

1.Nf3 Nf6 2.c4 c6 3.d4 d5 4.Nc3 g6 5.e3 Bg7 6.Be2 
O-O 7.O-O Bf5 8.cxd5 cxd5 9.Qb3 Bc8 10.Qd1 Nc6 
11.Bd2 Ne4 12.Rc1 Nxd2 13.Qxd2 Bg4 14.h3 Bxf3 
15.Bxf3 e6 16.Na4 Rc8 17.Nc5 Qg5 18.Rc2 b6 19.Nd3 
Ne7 20.Rfc1 Rxc2 21.Rxc2 Nf5 22.Bg4 Re8 23.Bxf5 
Qxf5 24.Rc7 Ra8 25.Qe2 Qf6 26.Qc2 Qd8 27.Qc6 h6 
{Hola Olintho, yo soy Holandes, a donde in Espana 
vive usted?}  28.Qb7 {Vivo en Las Islas Canarias, 
concretamente, en la isla de La Palma, no Las 
Palmas.}  Qe8 {Isla muy bueno! nosotros viven in 
Barcelona 1996 y 1997}  29.Nb4 {YO viví en 
Barcelona durante tres años. Me gusta mucho}  e5 
{(offering draw)}  30.dxe5 {Play a little more}  
Bxe5 31.Re7 1-0

[Event "HCL-C4049"]
[Site "www.playchess.de"]
[Date "2006.01.14"]
[Round "16"]
[White "ama49"]
[Black "valpa"]
[WhiteElo "1188"]
[BlackElo "1069"]
[PlyCount "62"]
[Result "1/2-1/2"]

1.e4 {Hello again}  d5 {Hi}  2.exd5 Qxd5 3.Nc3 Qa5 
4.Nf3 e6 5.d3 c6 6.Be2 Be7 7.O-O Nf6 8.Bd2 Qc7 
9.Re1 O-O 10.Ne4 Nxe4 11.dxe4 Nd7 12.Bc3 Bf6 
13.Bxf6 Nxf6 14.Bd3 Re8 15.e5 Nd7 16.c3 g6 17.h3 
Nb6 18.Be4 Rd8 19.Qc2 Bd7 20.Rad1 Be8 21.Rxd8 Rxd8 
22.Rd1 Rxd1+ 23.Qxd1 Nc4 24.Qc2 Nxe5 25.Nxe5 Qxe5 
26.f3 f5 27.Bd3 Kf7 28.Qe2 Qxe2 29.Bxe2 Kf6 30.g4 
Ke5 31.Kf2 a6 {(offering draw)} 
 1/2-1/2

[Event "HCL-C4030"]
[Site "www.playchess.de"]
[Date "2006.01.14"]
[Round "13"]
[White "alauddin"]
[Black "sigma40"]
[WhiteElo "954"]
[BlackElo "1144"]
[PlyCount "53"]
[Result "1-0"]

1.d4 {hello}  e6 {hello and good luck}  2.Nf3 Nf6 
3.a3 Nc6 4.Nc3 Bd6 5.d5 exd5 6.Nxd5 h6 7.e4 Nxe4 
8.Bd3 Nf6 9.Qe2+ Be7 10.Bf4 O-O 11.Bb5 Nxd5 12.Qe4 
Nf6 13.Qf5 d5 14.Qd3 Re8 15.Ne5 Nxe5 16.Bxe5 c6 
17.Ba4 Bd6 18.f4 Bxe5 19.fxe5 Rxe5+ 20.Kd2 Ne4+ 
21.Kc1 Qg5+ 22.Kb1 Qxg2 23.Ka2 Nc5 24.Qd4 Nd7 
25.Rhg1 Qxh2 26.Raf1 Re4 27.Qxg7+ 1-0

[Event "HCL-B3817"]
[Site "www.playchess.de"]
[Date "2006.01.14"]
[Round "3"]
[White "pegasus"]
[Black "Skipper_Robert"]
[WhiteElo "1155"]
[BlackElo "897"]
[PlyCount "40"]
[Result "0-1"]

1.e4 {hi}  e5 {hi pegasus}  2.d4 Nc6 3.d5 Nce7 
4.Nf3 Ng6 5.Bd3 d6 6.Nc3 Bd7 7.O-O Nf6 8.a4 Ng4 
9.h3 Nf6 10.Bg5 h6 11.Bxf6 Qxf6 12.g4 c6 13.b4 Nf4 
14.a5 Nxh3+ 15.Kh1 Bxg4 16.Be2 Nf4 17.Rg1 Qg6 
18.Nh4 Bf3+ 19.Bxf3 Qf6 {thank you for don´t take 
my queen}  20.a6 Qxh4+ {Don´t worry be happy} 
 0-1

[Event "HCL-B3704"]
[Site "www.playchess.de"]
[Date "2006.01.14"]
[Round "14"]
[White "bossjos"]
[Black "Jasper_Hattink"]
[WhiteElo "1287"]
[BlackElo "950"]
[PlyCount "41"]
[Result "1-0"]

1.e4 e5 {dag jos}  2.Nf3 {hoi jasper}  Nc6 3.Bc4 
Nf6 4.Ng5 h6 5.Nxf7 Qe7 {nou, dit is wel een hele 
stomme fout van mij zeg. nouja, heb jij geluk...}  
6.Nxh8 Nxe4 7.Qh5+ Kd8 8.Nf7+ Qxf7 9.Bxf7 d6 
10.Qh4+ Nf6 11.d3 Bf5 12.Nc3 Nb4 13.Qxb4 b6 14.O-O 
Ke7 15.Bb3 c5 16.Qc4 Bc8 17.Qf7+ Kd8 18.Qxf8+ Ne8 
19.Nd5 Bb7 20.Qe7+ Kc8 21.Qxe8+ 1-0

[Event "HCL-B3833"]
[Site "www.playchess.de"]
[Date "2006.01.14"]
[Round "6"]
[White "PhilipKaveny"]
[Black "GMO"]
[WhiteElo "1353"]
[BlackElo "1316"]
[PlyCount "74"]
[Result "0-1"]

1.e4 e5 2.Nf3 d6 3.Bc4 h6 4.d4 f6 5.Nxe5 dxe5 
6.Qh5+ Kd7 7.Qf7+ Qe7 8.Qd5+ Qd6 9.Qf7+ Kd8 10.O-O 
Qe7 11.Qh5 Be6 12.Bxe6 Qxe6 13.dxe5 Qxe5 14.Qd1+ 
Ke8 15.f4 Bc5+ 16.Kh1 Qd4 17.Qg4 Qd7 18.f5 Nc6 
19.Rd1 Qe7 20.Nc3 Ne5 21.Qe2 c6 22.Bf4 Bd6 23.Bxe5 
Bxe5 24.Qc4 Rd8 25.Qe2 Bxc3 26.Qh5+ {:)}  Kf8 
27.bxc3 Qc7 28.Rxd8+ Qxd8 29.Rd1 Qc7 30.e5 fxe5 
31.f6 Nxf6 32.Qf5 Kf7 {Pato...}  33.h4 {Philip}  
Re8 {Não, é pato...}  34.g4 Qc8 35.Rf1 Qxf5 
36.Rxf5 Ke6 37.Rf1 Nxg4 {Obrigado! Resign, 
please!}  0-1

[Event "HCL-A2537"]
[Site "www.playchess.de"]
[Date "2006.01.14"]
[Round "18"]
[White "Marius_sah"]
[Black "schlueter"]
[WhiteElo "1453"]
[BlackElo "1574"]
[PlyCount "68"]
[Result "0-1"]

1.e4 {Hi. Good luck!}  d5 {thx, 
too
}  2.exd5 Qxd5 3.Nc3 Qd6 4.d4 Nf6 5.Nf3 Bg4 6.Be3 
e6 7.h3 Bh5 8.Be2 Nc6 9.Qd2 a6 10.O-O O-O-O 
11.Rfd1 h6 12.Ne1 Bxe2 13.Qxe2 Nd5 14.Ne4 Qd7 
15.c4 Nxe3 16.fxe3 f5 17.Nc3 Bb4 18.Qc2 g5 19.Nd3 
Qe7 20.a3 Bxc3 21.bxc3 g4 22.hxg4 fxg4 23.Rab1 Qh4 
24.Qb2 b6 25.c5 b5 26.a4 g3 27.Nf4 e5 28.dxe5 
Rxd1+ 29.Rxd1 Nxe5 30.axb5 Qh2+ 31.Kf1 Rf8 32.Qb3 
Qh1+ 33.Ke2 Qxg2+ {# 2}  34.Nxg2 
Rf2+ 0-1

[Event "HCL-E1451"]
[Site "www.playchess.de"]
[Date "2006.01.14"]
[Round "21"]
[White "PieceSeeker3"]
[Black "leobor"]
[WhiteElo "1485"]
[BlackElo "2074"]
[PlyCount "88"]
[Result "0-1"]

1.e4 {Hello again!}  c5 2.Nf3 e6 3.c4 d5 4.exd5 
exd5 5.cxd5 Nf6 6.Nc3 Nxd5 7.Bc4 Qe7+ 8.Ne2 Nb6 
9.O-O Nxc4 10.Qa4+ Nc6 11.Qxc4 Be6 12.Qa4 Bd5 
13.Re1 Bxf3 14.gxf3 O-O-O 15.Qg4+ Rd7 16.d3 Ne5 
17.Qe4 Nxd3 18.Rd1 f5 19.Qxe7 Bxe7 20.Be3 Rhd8 
21.Nc3 Nxb2 22.Rxd7 Rxd7 23.Rb1 Nc4 24.Rd1 Rxd1+ 
25.Nxd1 Kd7 26.Nc3 Kc6 27.Bf4 b5 28.Kf1 Bf6 29.Ne2 
a5 30.Ke1 Ne5 31.Bxe5 Bxe5 32.f4 Bd4 33.Ng3 g6 
34.h4 c4 35.f3 b4 36.Kd2 b3 37.axb3 cxb3 38.Ne2 
Kd5 39.Kc1 a4 40.Kb1 a3 41.Nc1 Kc4 42.Na2 bxa2+ 
43.Kxa2 Bb2 44.Kb1 Kb3 0-1

[Event "HCL-E1440"]
[Site "www.playchess.de"]
[Date "2006.01.14"]
[Round "12"]
[White "PieceSeeker3"]
[Black "MimiSiku"]
[WhiteElo "1485"]
[BlackElo "1530"]
[PlyCount "106"]
[Result "0-1"]

1.e4 e6 2.d4 d5 3.e5 c5 4.c3 cxd4 5.cxd4 Nc6 6.Nf3 
Bb4+ 7.Nc3 Nge7 8.Bd3 O-O 9.Bxh7+ Kxh7 10.Ng5+ Kg6 
11.Qg4 f5 12.Qg3 Qe8 13.Nxe6+ Kf7 14.Nc7 Qd8 
15.Nxa8 Be6 16.O-O Nxd4 17.Qd3 Bxc3 18.bxc3 Ndc6 
19.f4 Qxa8 20.a4 Na5 21.Ba3 Nc4 22.Bd6 Qd8 23.Qd1 
Nxd6 24.exd6 Qxd6 25.Qh5+ Ng6 26.g3 Qc5+ 27.Rf2 
Qxc3 28.Raf1 Rh8 29.Qg5 d4 30.h4 Ne7 31.Re2 Qc6 
32.Rfe1 Rh6 33.h5 Qc3 34.g4 Qg3+ 35.Kf1 Rf6 36.Rg2 
Bc4+ 37.Ree2 Qe3 38.gxf5 Rb6 39.Qxg7+ Ke8 40.Rgf2 
Rb1+ 41.Kg2 Bxe2 42.f6 Bf3+ 43.Kh3 Rh1+ 44.Rh2 
Bxh5+ 45.Qg3 Qxg3+ 46.Kxg3 Rxh2 47.Kxh2 Nd5 48.Kg3 
Nxf6 49.Kf2 d3 50.Ke3 Be2 51.Kd2 Nd5 52.f5 Kf7 
53.a5 Kf6 0-1

[Event "HCL-A2471"]
[Site "www.playchess.de"]
[Date "2006.01.14"]
[Round "31"]
[White "Eishockeytorwart"]
[Black "Marius_sah"]
[WhiteElo "1851"]
[BlackElo "1406"]
[PlyCount "104"]
[Result "0-1"]

1.e4 {welcome and good luck from germany}  e5 {Hi. 
Good luck!}  2.Nf3 Nc6 3.Bb5 a6 4.Ba4 Nf6 5.Nc3 b5 
6.Bb3 Be7 7.Bd5 b4 8.Bxc6 dxc6 9.Ne2 Nxe4 10.Nxe5 
Bd6 11.Nc4 O-O 12.d3 Nf6 13.O-O Bg4 14.h3 Bh5 
15.Qd2 Re8 16.Nf4 Bxf4 17.Qxf4 Re2 18.Bd2 Nd5 
19.Qg3 Nb6 20.Bxb4 Rxc2 21.Rac1 Rxc1 22.Rxc1 Nd5 
23.Nd2 Nxb4 24.Rc3 Qe7 25.Nf1 Qe1 26.f3 Qxg3 
27.Nxg3 Bg6 28.a3 Nxd3 29.h4 h6 30.h5 Bh7 31.Rxc6 
Nxb2 32.Rxc7 Bd3 33.Rc3 Rd8 34.Rb3 Nc4 35.Rc3 a5 
36.Ne4 Bxe4 37.Rxc4 Bd5 38.Rc5 a4 39.Kf2 Bb3 
40.Re5 Rd2+ 41.Re2 Rd5 42.Re8+ Kh7 43.g4 Rd2+ 
44.Re2 Rd1 45.Re1 Rxe1 46.Kxe1 g6 47.hxg6+ fxg6 
48.Kf2 h5 49.Kg3 hxg4 50.fxg4 g5 51.Kf2 Bd1 52.Kg3 
Kg6 0-1

[Event "ACL-A612"]
[Site "www.playchess.de"]
[Date "2006.01.14"]
[Round "11"]
[White "docjan"]
[Black "Fred31"]
[WhiteElo "1500"]
[BlackElo "1601"]
[PlyCount "41"]
[Result "1-0"]

1.e4 e5 2.Nf3 Nc6 3.Bb5 d6 4.d4 Bd7 5.O-O h6 
6.dxe5 a6 7.Bxc6 Bxc6 8.Nc3 Qe7 9.Nd5 Bxd5 10.exd5 
O-O-O 11.Re1 Qd7 12.Qd4 Re8 13.e6 fxe6 14.Qa7 Kd8 
{Happy New Year}  15.Nd4 e5 16.Qxb7 Ke7 17.Qxa6 
Nf6 18.Nc6+ Kf7 19.a4 Nxd5 20.Qc4 Qe6 
21.Nd4 1-0

[Event "HCL-B3771"]
[Site "www.playchess.de"]
[Date "2006.01.14"]
[Round "28"]
[White "GMO"]
[Black "ama49"]
[WhiteElo "1312"]
[BlackElo "1193"]
[PlyCount "157"]
[Result "1-0"]

1.e4 e5 2.Bc4 Nc6 3.Qf3 Nf6 4.d3 d6 5.Bg5 Be7 
6.Nc3 O-O 7.O-O-O h6 8.Bh4 Nd4 9.Qg3 Nh5 10.Bxe7 
Nxg3 11.Bxd8 Nxh1 12.Bxc7 Nxf2 13.Rf1 Ng4 14.Bxd6 
Nxh2 15.Re1 Rd8 16.Bxe5 Ng4 17.Bc7 Rd7 18.Nd5 Ne6 
19.Ba5 b6 20.Bc3 Bb7 21.Ne3 Nxe3 22.Rxe3 Nc5 
23.Bb5 Rd6 24.b4 Ne6 25.Be5 Rdd8 26.Bc4 Rde8 
27.Bxe6 Rxe6 28.Bb2 a5 29.a3 axb4 30.axb4 Ra4 
31.c3 Rc6 32.b5 Rg6 33.g3 Ra5 34.c4 Rg5 35.Nh3 Rg4 
36.Bd4 Bxe4 37.dxe4 Ra4 38.Bxb6 Rxc4+ 39.Kd2 Rb4 
40.Nf2 Rg6 41.Bc7 Rxb5 42.Ke2 Rb2+ 43.Kf1 Rc6 
44.Be5 Rb1+ 45.Re1 Rcb6 46.Rxb1 Rxb1+ 47.Ke2 f6 
48.Bd4 Kf7 49.Kf3 g6 50.Ng4 Rb3+ 51.Kg2 Rb4 52.Bf2 
h5 53.Ne3 Rxe4 54.Kf3 f5 55.Nd5 Ke6 56.Nf4+ Kf6 
57.Bb6 Rb4 58.Nd5+ {Sorry, my friend!}  Kg5 
59.Nxb4 h4 60.Bd8+ Kh5 61.Bxh4 g5 62.Bxg5 Kxg5 
63.Nd3 Kh5 64.Kf4 Kg6 65.Ne5+ Kf6 66.Nf3 Ke6 
67.Nd4+ Kf6 68.Nxf5 Kg6 69.g4 Kf6 70.g5+ Kf7 
71.Kg4 Kg6 72.Nh4+ Kh7 73.Kh5 Kg7 74.Nf5+ Kh7 
75.g6+ Kg8 76.Kh6 Kh8 77.g7+ Kg8 78.Nd4 Kf7 
79.Kh7 1-0

[Event "HCL-C4020"]
[Site "www.playchess.de"]
[Date "2006.01.14"]
[Round "5"]
[White "Kelthek"]
[Black "Mercator"]
[WhiteElo "597"]
[BlackElo "1041"]
[PlyCount "52"]
[Result "0-1"]

1.e4 c5 2.e5 d6 3.Nf3 Nc6 4.Bb5 a6 5.Ba4 b5 6.Bb3 
c4 7.Bxc4 bxc4 8.O-O e6 9.d4 dxe5 10.Nxe5 Nxe5 
11.Bf4 Ng6 12.Qd2 Nf6 13.Nc3 Nxf4 14.Qxf4 Bd6 
15.Qg5 O-O 16.Rfe1 Re8 17.Ne2 Bb7 18.Nf4 h6 19.Qh4 
g5 20.Qxh6 gxf4 21.Qg5+ Kf8 22.g3 Ke7 23.gxf4 Rg8 
24.h4 Rxg5+ 25.fxg5 Ng4 26.Ref1 
Bh2+ 0-1

[Event "HCL-A2556"]
[Site "www.playchess.de"]
[Date "2006.01.14"]
[Round "21"]
[White "hal1958"]
[Black "zemljanin"]
[WhiteElo "1477"]
[BlackElo "1403"]
[PlyCount "62"]
[Result "0-1"]

1.b4 {have a nice game}  d5 {you too and happy new 
year}  2.Bb2 f6 3.e3 e5 4.a3 Bd6 5.Nf3 Ne7 6.c4 
dxc4 7.Bxc4 Bg4 8.Be2 Be6 9.O-O Nd7 10.h3 Ng6 
11.Qc2 f5 12.Bc4 Qe7 13.d3 Nb6 14.Bxe6 Qxe6 
15.Nbd2 O-O 16.Nc4 Nxc4 17.Qxc4 Qxc4 18.dxc4 c6 
19.c5 Bc7 20.Rad1 Rad8 21.Ng5 Rxd1 22.Rxd1 Rd8 
23.Rxd8+ Bxd8 24.Nf3 Bf6 25.Kf1 Kf7 26.Ke2 Ke6 
27.Kd3 e4+ 28.Kc2 exf3 29.gxf3 Bxb2 30.Kxb2 Ne5 
31.f4 Nd3+ 0-1

[Event "HCL-C3952"]
[Site "www.playchess.de"]
[Date "2006.01.14"]
[Round "3"]
[White "Idris"]
[Black "Milosforman"]
[WhiteElo "885"]
[BlackElo "1011"]
[PlyCount "56"]
[Result "1/2-1/2"]

1.e4 {Hello}  c5 2.d4 cxd4 3.Qxd4 Nc6 4.Qd1 d6 
5.Nd2 e5 6.Ngf3 Bg4 7.Be2 Bxf3 8.Bxf3 Nf6 9.Qe2 
Be7 10.b3 O-O 11.Bb2 d5 12.exd5 Nxd5 13.O-O f6 
14.Bxd5+ Qxd5 15.Ne4 f5 16.Nc3 Qd6 17.Qc4+ Rf7 
18.Nd5 Na5 19.Nxe7+ Qxe7 20.Qe2 f4 21.Bxe5 f3 
22.gxf3 Re8 23.f4 Qh4 24.Qb5 b6 25.Qxe8+ Rf8 
26.Qb5 Qh5 27.Rad1 Qg4+ 28.Kh1 Qf3+ {(offering 
draw)}  1/2-1/2

[Event "HCL-B3820"]
[Site "www.playchess.de"]
[Date "2006.01.14"]
[Round "9"]
[White "PhilipKaveny"]
[Black "GMO"]
[WhiteElo "1406"]
[BlackElo "1337"]
[PlyCount "154"]
[Result "1/2-1/2"]

1.e4 e5 2.Nf3 d6 3.Bc4 h6 4.O-O Nf6 5.d4 exd4 6.e5 
dxe5 7.Nxe5 Be6 8.Bxe6 fxe6 9.Qd3 Qd5 10.Qg6+ Ke7 
11.Qf7+ Kd8 12.Ng6 Rg8 13.Nxf8 Nbd7 14.Nxe6+ Kc8 
15.c4 Qxc4 16.Na3 Qd5 17.Ng5 Qxf7 18.Nxf7 Rf8 
19.Nxh6 gxh6 20.Bxh6 Re8 21.Rfe1 Rxe1+ 22.Rxe1 
{Good moves  so far}  c6 23.Nc4 b5 24.Nd6+ Kc7 
25.Bf4 Kb6 26.h3 a5 27.Be5 c5 28.Bxf6 Nxf6 29.Re6 
Ng8 30.Nc4+ Kb7 31.Rb6+ Kc7 32.Rxb5 Kc6 33.Rb3 Ne7 
34.Kf1 Nd5 35.Rf3 Kb5 36.Nd6+ Kc6 37.Ne4 Rb8 38.b3 
Nb4 39.a3 Nc2 40.a4 Nb4 41.Rf6+ Kd5 42.f3 Nd3 
43.Rf5+ Kc6 44.Rf6+ Kc7 45.Rf7+ Kc6 46.Rf6+ Kd7 
47.Ra6 Rxb3 48.Rxa5 Rb1+ 49.Ke2 Nf4+ 50.Kd2 Nxg2 
51.Nxc5+ Kd6 52.Ne4+ Kc6 53.Rg5 Kb6 54.Rb5+ Rxb5 
55.axb5 Kxb5 56.Ng5 Kc4 57.Nf7 d3 58.Ne5+ Kd5 
59.Nxd3 Ke6 60.Ke2 Kf5 61.Kf2 Nh4 62.Ne1 Kg5 
63.Nd3 Kh5 64.f4 Nf5 65.Kg2 Kh4 66.Nf2 Ne3+ 67.Kf3 
Nd5 68.Ke4 Nf6+ 69.Ke5 Nd7+ 70.Ke6 Nc5+ 71.Kd5 Nd7 
72.f5 Kg5 73.Ke6 Nf8+ 74.Ke7 {Whose  a duck}  Nh7 
75.f6 Nxf6 {Resign, please!}  76.h4+ {Don't be 
silly}  Kg6 77.h5+ Nxh5 {(offering draw) Offer 
Draw, please!}  1/2-1/2

[Event "HCL-E1531"]
[Site "www.playchess.de"]
[Date "2006.01.14"]
[Round "2"]
[White "takesa"]
[Black "ArieAdria"]
[WhiteElo "1564"]
[BlackElo "1848"]
[PlyCount "62"]
[Result "0-1"]

1.e4 {Season greetings from the North!}  e5 
{Greetings from Holland and Marry Christmas}  2.f4 
{:)}  d5 3.exd5 exf4 4.Nf3 Nf6 5.c4 Bd6 6.d3 O-O 
7.Be2 Bg4 8.O-O c6 9.Nc3 cxd5 10.Nxd5 Nxd5 11.cxd5 
Nd7 12.d4 Nb6 13.Qb3 Re8 14.Bd3 Bxf3 15.Rxf3 Rc8 
16.Bxf4 Bxf4 17.Rxf4 Nxd5 18.Rf3 Nf6 19.Rf4 b6 
20.Rd1 Qe7 21.Rf3 h6 22.d5 Qc5+ 23.Kh1 Ref8 24.Ba6 
Rcd8 25.Bb7 Rd6 26.Rc3 Qf2 27.Qc2 Qxc2 28.Rxc2 
Rfd8 29.Rcd2 Ne4 30.Re2 Nc5 31.Bc6 
Rxc6 0-1

[Event "HCL-A2548"]
[Site "www.playchess.de"]
[Date "2006.01.14"]
[Round "4"]
[White "Miguelito"]
[Black "Wernswig"]
[WhiteElo "1304"]
[BlackElo "1423"]
[PlyCount "79"]
[Result "1-0"]

1.Nf3 {gl}  d5 {hi, good luck to you too}  2.d4 c6 
3.Nc3 Bf5 4.e3 Nd7 5.Bd3 Bg6 6.O-O e6 {i wish you 
a merry christmas}  7.Bxg6 {Merry Christmas!}  
hxg6 8.e4 dxe4 9.Nxe4 Ngf6 10.Bg5 Be7 11.Nxf6+ 
Nxf6 12.c3 Qd6 13.g3 O-O-O 14.Ne5 Rdf8 15.Qf3 Rh3 
16.Bh4 Rh8 17.Nxf7 Qd5 18.Qxd5 Nxd5 19.Nxh8 Bxh4 
20.Kg2 Rxh2+ 21.Kxh2 Bf6 22.Nxg6 Kd7 23.Rae1 Kd6 
24.Re2 Nc7 25.Nf4 g5 26.Ng6 Kd7 27.Kh3 Ke8 28.f4 
Kd7 29.Rfe1 Ke8 30.fxg5 Bxg5 31.Nf4 Bxf4 32.gxf4 
Kf7 33.f5 Nd5 34.fxe6+ Ke7 35.Rf1 Nf6 36.c4 b6 
37.Kh4 a6 38.Kg5 Ne8 39.Rf7+ Kd6 
40.Rd7+ 1-0

[Event "HCL-B3783"]
[Site "www.playchess.de"]
[Date "2006.01.14"]
[Round "6"]
[White "adamcik"]
[Black "PhilipKaveny"]
[WhiteElo "1500"]
[BlackElo "1347"]
[PlyCount "75"]
[Result "1/2-1/2"]

1.e4 c5 2.Nf3 d6 3.Nc3 Nc6 4.d3 Bg4 5.Be2 Nf6 
6.O-O Bxf3 7.Bxf3 e6 8.Be3 Be7 9.Ne2 O-O 10.c3 Rb8 
11.d4 cxd4 12.cxd4 d5 13.e5 Ne4 14.Ng3 Nxg3 
15.fxg3 Rc8 16.Rc1 Qa5 17.a3 Qd8 18.Qd2 f5 19.Rc2 
g5 20.Bh5 h6 21.h4 Qa5 22.Rc3 Qd8 23.hxg5 Bxg5 
24.g4 Bxe3+ 25.Rxe3 {Hello, today you're fast !}  
Qg5 {Hello I know something about your countries 
proud history.}  26.Qd3 Ne7 27.Rh3 fxg4 28.Bxg4 
Rxf1+ 29.Kxf1 Rf8+ 30.Kg1 Qc1+ 31.Kh2 Qf4+ 32.Rg3 
Kh8 33.Bxe6 Qh4+ 34.Rh3 Qf4+ 35.Kh1 Qc1+ 
{(offering draw)}  36.Kh2 Qf4+ 37.Kh1 Qc1+ 38.Kh2 
{(offering draw)}  1/2-1/2

[Event "HCL-B3782"]
[Site "www.playchess.de"]
[Date "2006.01.14"]
[Round "4"]
[White "SMLooking"]
[Black "Wilmy"]
[WhiteElo "1392"]
[BlackElo "1217"]
[PlyCount "59"]
[Result "1-0"]

1.d4 d5 2.c4 c6 3.Nf3 Bf5 4.Nc3 dxc4 5.a4 e6 6.e4 
Bg6 7.Bxc4 Bb4 8.O-O Nf6 9.Bg5 O-O 10.e5 h6 11.Bh4 
Bh5 12.exf6 g5 13.Bg3 Qxf6 14.Be5 Qf5 15.Bd3 Bxf3 
16.Qxf3 g4 17.Qxf5 exf5 18.Bxf5 h5 19.Ne4 Na6 
20.Nf6+ Kg7 21.Nxh5+ Kh6 {Happy New Year!}  
22.Bxg4 {Happy New Year to you too!!}  f5 23.Bf3 
Rf7 24.Nf4 Re8 25.Nd3 Bd2 26.Rad1 Bg5 27.g3 Nc7 
28.h4 Bd8 29.Bf4+ Kg6 30.Ne5+ 1-0

[Event "HCL-B3823"]
[Site "www.playchess.de"]
[Date "2006.01.14"]
[Round "11"]
[White "dynamike"]
[Black "RUDI"]
[WhiteElo "1610"]
[BlackElo "1234"]
[PlyCount "49"]
[Result "1-0"]

1.e4 e5 {Ich grüße Dich - ich hoffe für uns beide, 
Du steigst bald in die A-League auf? (ich tue ja 
alles dafür...)}  2.Nf3 {da komme ich ja her und 
verliere da ständig :(}  Nc6 {da müsste es für 
solche Leute eine Zwischenliga geben... Irgendwann 
komme ich auch mal in die A-Liga, ich hoffe dass 
ich dort ein paar Turniere spielen kann}  3.Bc4 d6 
4.Nc3 Nf6 5.Ng5 Be6 6.Nxe6 fxe6 7.Bxe6 Qe7 8.Nd5 
Nxd5 9.exd5 Nd8 10.Bg4 c6 11.c4 Qf6 12.O-O Be7 
13.f4 O-O 14.d3 cxd5 15.cxd5 b6 16.Bd2 exf4 
17.Rxf4 Qe5 18.Re4 Qf6 19.Re2 Qd4+ 20.Kh1 Bh4 
21.Bf3 Qxd3 22.Re3 Qg6 23.Be4 Qf7 24.Rh3 Bf6 
25.Bxh7+ 1-0

[Event "HCL-C4063"]
[Site "www.playchess.de"]
[Date "2006.01.14"]
[Round "4"]
[White "mudelta"]
[Black "Ulpe"]
[WhiteElo "1125"]
[BlackElo "1473"]
[PlyCount "48"]
[Result "0-1"]

1.e4 {hi gl}  c5 2.Nf3 d6 3.Bc4 Nf6 4.d3 Nc6 5.Ng5 
e6 6.O-O Be7 7.f4 O-O 8.Nc3 a6 9.a4 d5 10.Ba2 dxe4 
11.Ncxe4 b6 12.Qf3 Nxe4 13.Qxe4 Qd4+ 14.Be3 Qxe4 
15.dxe4 Nb4 16.Bb3 c4 17.c3 cxb3 18.cxb4 Bb7 19.e5 
Bxb4 20.f5 h6 21.Nh3 Rac8 22.Bxb6 Rc2 23.fxe6 
Rxg2+ 24.Kh1 Rg3+ 0-1

[Event "HCL-A2541"]
[Site "www.playchess.de"]
[Date "2006.01.14"]
[Round "8"]
[White "Josef1901"]
[Black "Maillard"]
[WhiteElo "1558"]
[BlackElo "1516"]
[PlyCount "125"]
[Result "1-0"]

1.d4 d5 {Bonne partie!}  2.c4 {good luck}  Nc6 
3.Nf3 Nf6 4.Nc3 h6 5.Bf4 a6 6.e3 Bf5 7.Qb3 Na5 
8.Qa4+ c6 9.cxd5 b5 10.Qd1 Nxd5 11.Nxd5 Qxd5 
12.Be2 Ra7 13.O-O g5 14.Bg3 Bg7 15.Ne5 Bxe5 
16.Bxe5 f6 17.Bh5+ Kd7 18.Bg3 Nc4 19.b3 Nd6 20.f3 
Bh7 21.e4 Qg8 22.d5 cxd5 23.exd5 f5 24.Be5 f4 
25.Qd4 Ra8 26.Bxh8 Qxh8 {happy new year!}  27.Bg4+ 
{happy new year!!}  Bf5 28.Qxh8 Rxh8 29.Bxf5+ Nxf5 
30.Rac1 Ne3 31.Rfe1 Nxd5 32.Kf2 Rf8 33.a4 bxa4 
34.bxa4 Kd6 35.Rcb1 e5 36.Red1 Kc6 37.Rdc1+ Kd6 
38.Rb7 Rf6 39.Ra7 Nb4 40.Rc4 Nd3+ 41.Ke2 Nc5 42.a5 
Re6 43.Rb4 Kd5 44.Ra8 Nd7 45.Rb7 Kc6 46.Raa7 Re7 
{merci pour la partie!}  47.Rbc7+ {I say thx}  Kd6 
48.Kd2 h5 49.Kc3 g4 50.Kc4 e4 51.fxe4 Ne5+ 52.Kd4 
Rxc7 53.Rxc7 f3 54.Rc2 fxg2 55.Rxg2 Nc6+ 56.Kd3 
Ke5 57.Rf2 Nd4 58.Rf8 Ne6 59.Rf5+ Kd6 60.Rd5+ Kc6 
61.Ke3 h4 62.Rh5 g3 {merci nochmals!}  63.Rxh4 
{bitte}  1-0

[Event "HCL-B3820"]
[Site "www.playchess.de"]
[Date "2006.01.14"]
[Round "19"]
[White "tusnelda"]
[Black "Skipper_Robert"]
[WhiteElo "1182"]
[BlackElo "973"]
[PlyCount "55"]
[Result "1-0"]

1.e4 e5 2.Nf3 d6 3.Bc4 h6 4.d4 Qf6 5.Nc3 c6 6.Be3 
Nd7 7.O-O Qe7 8.d5 Ngf6 9.Nh4 g6 10.b4 a6 11.a4 
Bg7 12.dxc6 bxc6 13.b5 axb5 14.axb5 Rxa1 15.Qxa1 
cxb5 16.Bxb5 O-O 17.Qc1 Ng4 18.Nf3 Bf6 19.Bxh6 Re8 
20.Nd5 Qd8 21.Nxf6+ Ndxf6 22.Bxe8 Qxe8 23.Re1 Bb7 
24.h3 Nxh6 25.Qxh6 Nxe4 26.Rb1 Ba6 27.Rb6 Qa4 
28.Rb8+ 1-0

[Event "HCL-B3823"]
[Site "www.playchess.de"]
[Date "2006.01.14"]
[Round "2"]
[White "val2005"]
[Black "dynamike"]
[WhiteElo "1512"]
[BlackElo "1610"]
[PlyCount "45"]
[Result "1-0"]

1.d4 Nf6 2.c4 g6 3.Nc3 d5 4.cxd5 Nxd5 5.e4 Nxc3 
6.bxc3 Bg7 7.Nf3 O-O 8.Be3 c5 9.h3 Nc6 10.Qd2 Qa5 
11.Rc1 Rd8 12.d5 e6 13.c4 Qxd2+ 14.Bxd2 exd5 
15.cxd5 Nd4 16.Nxd4 Bxd4 17.Bd3 b6 18.Bc3 Bb7 
19.Bxd4 cxd4 20.Rc7 Rab8 21.Kd2 Rdc8 22.Rhc1 a5 
23.Rxb7 1-0